000
00234nam a22000857a 4500
999
_c
11410
_d
11410
008
190416b ||||| |||| 00| 0 eng d
020
_a
9788178557618
100
_9
7142
_a
AGGARWAL.M L ET AL
245
_a
MATHEMATICS CLASS XII 20 SAMPLE PAPARS